[Event "South Moravia Region-chT 2223"]
[Site "Czech Republic"]
[Date "2022.10.23"]
[Round "2.8"]
[White "Pistek, Jan"]
[Black "Jacko, Tomas"]
[Result "1/2-1/2"]
[WhiteElo "1853"]
[BlackElo "2160"]
[PlyCount "62"]
[EventDate "2022.10.09"]
[EventType "team-tourn"]
[EventRounds "11"]
[EventCountry "CZE"]
[SourceTitle "EXT 2024"]
[Source "ChessBase"]
[SourceDate "2023.10.10"]
[SourceVersion "1"]
[SourceVersionDate "2023.10.10"]
[SourceQuality "1"]

1. e4 d5 2. exd5 Qxd5 3. Nc3 Qa5 4. d4 c6 5. Nf3 Nf6 6. h3 Bf5 7. Bd2 e6 8. Bc4 Bb4 9. a3 Bxc3 10. Bxc3 Qc7 11. b4 Nbd7 12. Bb3 b5 13. 0-0 0-0 14. Re1 Ne4 15. Bb2 a5 16. Rc1 axb4 17. axb4 Nb6 18. Ne5 Rfc8 19. g4 Bg6 20. Nxg6 Nxf2 21. Qf3 Nxh3+ 22. Qxh3 hxg6 23. Re2 Nd5 24. Rh2 Kf8 25. c4 bxc4 26. Bxc4 Qf4 27. Bxd5 cxd5 28. Rxc8+ Rxc8 29. Qh8+ Ke7 30. Qxc8 Qg3+ 31. Rg2 Qe1+ 1/2-1/2

[Event "Vlcnov Oharka Memorial"]
[Site "Vlcnov"]
[Date "2018.12.26"]
[Round "8"]
[White "Mudrak, Josef"]
[Black "Pistek, Jan"]
[Result "1-0"]
[WhiteElo "2313"]
[BlackElo "1830"]
[PlyCount "71"]
[EventDate "2018.12.26"]
[EventType "swiss"]
[EventRounds "9"]
[EventCountry "CZE"]
[SourceTitle "CBM 188 Extra"]
[Source "ChessBase"]
[SourceDate "2019.02.26"]
[SourceVersion "1"]
[SourceVersionDate "2019.02.26"]
[SourceQuality "1"]

1. d4 b5 2. e3 a6 3. Nf3 e6 4. a4 b4 5. Bd3 Bb7 6. c3 a5 7. Nbd2 c5 8. 0-0 Nf6 9. Ne5 d6 10. Bb5+ Nbd7 11. Nxd7 Nxd7 12. dxc5 dxc5 13. Nc4 Ba6 14. Qxd7+ Qxd7 15. Bxd7+ Kxd7 16. Nb6+ Kc7 17. Nxa8+ Kb7 18. Rd1 Kxa8 19. e4 bxc3 20. bxc3 g6 21. Rd8+ Ka7 22. Be3 Bg7 23. Bxc5+ Kb7 24. Rxh8 Bxh8 25. Bd4 e5 26. Bc5 Kc6 27. Be7 f5 28. f3 fxe4 29. fxe4 Bd3 30. Rd1 Bxe4 31. Rd6+ Kb7 32. Rd8 Bg7 33. Bg5 Bc6 34. Rg8 h6 35. Rxg7+ Kb6 36. Be3+ 1-0

[Event "Stare Mesto op"]
[Site "Stare Mesto"]
[Date "2016.08.07"]
[Round "3"]
[White "Pistek, Jan"]
[Black "Eret, Matous"]
[Result "0-1"]
[WhiteElo "1857"]
[BlackElo "2068"]
[PlyCount "90"]
[EventDate "2016.08.05"]
[EventType "swiss"]
[EventRounds "10"]
[EventCountry "CZE"]
[SourceTitle "CBM 173 Extra"]
[Source "ChessBase"]
[SourceDate "2016.08.29"]
[SourceVersion "1"]
[SourceVersionDate "2016.08.29"]
[SourceQuality "1"]

1. e4 c5 2. c3 e6 3. d4 cxd4 4. cxd4 d6 5. Nc3 Nf6 6. Nf3 a6 7. Bf4 Be7 8. Be2 0-0 9. 0-0 b5 10. a3 Bb7 11. Bd3 Nbd7 12. Re1 Rc8 13. Rc1 Nb6 14. Qb3 Nc4 15. a4 Na5 16. Qd1 b4 17. Nb1 Qb6 18. Rxc8 Rxc8 19. Nbd2 b3 20. Qe2 h6 21. h3 Bf8 22. Qf1 Qc6 23. Ra1 Nd7 24. Be3 g6 25. d5 exd5 26. Nd4 Qc7 27. Bxa6 dxe4 28. Bxb7 Qxb7 29. Qb5 Qxb5 30. axb5 Nc4 31. Nxc4 Rxc4 32. Ra7 Nc5 33. Ra8 Kg7 34. Nc6 d5 35. Bd4+ f6 36. Ra7+ Kg8 37. Bxf6 Nd3 38. Rd7 Bc5 39. Ne7+ Kf7 40. Nxd5+ Ke6 41. Rd8 Nxf2 42. Kh2 Bd6+ 43. Kg1 Nd3 44. Bc3 Kxd5 45. Kf1 Rxc3 0-1

[Event "CZE-chT2E 1112"]
[Site "Czech Republic"]
[Date "2012.01.08"]
[Round "5.8"]
[White "Pistek, Jan"]
[Black "Pfeffer, Erik"]
[Result "1/2-1/2"]
[WhiteElo "1879"]
[BlackElo "1936"]
[PlyCount "110"]
[EventDate "2011.10.09"]
[EventType "team-tourn"]
[EventRounds "11"]
[EventCountry "CZE"]
[SourceTitle "EXT 2013"]
[Source "ChessBase"]
[SourceDate "2012.11.22"]
[SourceVersion "1"]
[SourceVersionDate "2012.11.22"]
[SourceQuality "1"]
[WhiteTeam "Veseli nad Moravou"]
[BlackTeam "Borsice"]
[WhiteTeamCountry "CZE"]
[BlackTeamCountry "CZE"]

1. e4 c5 2. c3 d5 3. exd5 Qxd5 4. d4 Nf6 5. Nf3 e6 6. Be3 cxd4 7. cxd4 Nc6 8. Nc3 Qd8 9. Bc4 Be7 10. 0-0 0-0 11. Re1 Nd5 12. a3 a6 13. Qc2 Bf6 14. Ne4 Nce7 15. Nxf6+ Nxf6 16. Rad1 b5 17. Ba2 Bb7 18. Ne5 Rc8 19. Qe2 Be4 20. Bg5 Bg6 21. Nxg6 hxg6 22. Qf3 Nf5 23. d5 exd5 24. Bxd5 Qb6 25. Bxf6 Qxf6 26. g4 Nh4 27. Qxf6 gxf6 28. Re7 a5 29. b4 axb4 30. axb4 f5 31. h3 Rc3 32. Kh2 fxg4 33. hxg4 Nf3+ 34. Kg2 Nh4+ 35. Kf1 Kg7 36. Rb7 Ra3 37. Rxb5 Nf3 38. Bxf3 Rxf3 39. Kg2 Rb3 40. Rb7 Kh6 41. f3 f5 42. Kg3 f4+ 43. Kg2 Rb2+ 44. Kg1 Re8 45. b5 Ree2 46. Rf7 Kg5 47. Rh7 Rxb5 48. Rh2 Rbb2 49. Rd5+ Kf6 50. Rxe2 Rxe2 51. Kf1 Rc2 52. Ra5 Rb2 53. Kg1 Rc2 54. Kf1 Rb2 55. Kg1 Rc2 1/2-1/2